Statistics for City Skylines Quiz #5

Click here to take the quiz!

General Stats

  • This quiz has been taken 108 times
  • The average score is 4 of 15

Answer Stats

Answer% Correct
Berlin
67%
Cape Town
63%
Dubrovnik
56%
Macau
43%
Baku
36%
Bogotá
33%
Jakarta
28%
Tel Aviv
20%
Perth
15%
Cuzco
14%
Calgary
11%
Fira
7%
Port Moresby
3%
Santo Domingo
2%
Dar es Salaam
1%

Score Distribution

Percentile by Number Answered

Percent of People with Each Score

Your Score History

You have not taken this quiz